[Event "IND-ch Senior Open 2019"]
[Site "Mazitar"]
[Date "2019.12.17"]
[Round "9.4"]
[White "Shyaamnikhil P"]
[Black "Gupta, Abhijeet"]
[Result "1-0"]
[WhiteElo "2455"]
[BlackElo "2611"]
[Annotator "TA"]
[PlyCount "104"]
[EventDate "2018.12.08"]
[EventType "swiss"]
[EventCountry "IND"]
[SourceTitle "playchess.com"]
[Source "ChessBase"]
[SourceQuality "1"]

{[%evp 9,104,42,46,47,42,42,36,47,51,53,59,20,14,15,25,0,0,38,18,0,14,0,0,0,30,6,44,34,31,44,50,0,35,0,37,48,85,69,139,120,140,137,118,123,118,41,121,87,83,87,81,77,216,212,243,99,143,0,195,180,194,189,167,170,225,190,200,176,182,170,283,190,173,183,190,176,183,179,186,179,190,190,186,179,179,162,151,0,172,161,229,151,169,86,212,0,212]} 1. Nf3 Nf6 2. c4 g6 3. Nc3 Bg7 4. e4 e5 5. Nxe5 O-O 6. Nf3 {A16: English Opening: 1...Nf6 with ...d5} Re8 7. d3 d5 8. cxd5 {White is slightly better.} Nxd5 9. Bd2 Bg4 10. Qb3 c6 $146 ({Predecessor:} 10... Nxc3 11. bxc3 Na6 12. Be2 Nc5 {½-½ (36) Giri,A (2787)-Dubov,D (2690) Moscow 2019}) 11. Be2 Bxf3 $1 12. gxf3 Nc7 $1 13. h4 Ne6 14. h5 Na6 15. hxg6 ({But not} 15. Qxb7 $2 Nac5 $19) 15... hxg6 16. Be3 ({Avoid the trap} 16. Qxb7 $2 Nac5 $19) 16... Nac5 17. Qd1 Qa5 18. Kf1 Rad8 19. Rb1 Qc7 20. Na4 Nd7 21. Nc3 b5 22. Qd2 b4 23. Na4 c5 {[#]} (23... Qa5 $14 24. b3 Nb6) 24. Rc1 $1 $16 Qd6 {[#]} 25. f4 $1 Nd4 26. b3 Rc8 27. Kg2 ({White should try} 27. Nb2 $16) 27... f5 (27... Nb6 $1 $14) 28. Bxd4 Bxd4 29. Bf3 Kg7 30. Nb2 {[%cal Ba4b2,Bb2c4,Bc4d6][%mdl 32]} Rb8 (30... Nb6 $16) 31. Nc4 $18 Qe7 32. Qe2 (32. exf5 $18 gxf5 33. Rh5) 32... Rh8 33. e5 (33. Rcg1 $16) 33... Rxh1 $2 (33... Rh4 $11 {and Black is okay.}) 34. Rxh1 Rh8 35. Rxh8 Kxh8 36. Nd6 Kg7 (36... Kh7 $142 37. Qe1 Kg7) 37. Bd5 Nb6 38. Bc6 Qh4 39. Qf3 a6 (39... Kf8 $142 40. Kf1 Bb2) 40. Bb7 Kf8 41. Qg3 ({Not} 41. Bxa6 Nd5 $11) 41... Qh6 42. Bc6 Ke7 43. Kg1 Kf8 44. Bg2 Qh5 45. Bf3 Qh6 46. Nb7 Ke7 47. Bg2 Qh5 48. Bf3 Qh6 49. Kg2 Ke6 (49... Nc8 $142 50. Na5 Kf8) 50. Kf1 Nc8 51. Ke2 (51. Kg1 $18) 51... Ne7 (51... Na7 $16 {was called for.}) 52. Kf1 $2 (52. Nd8+ $18 Kd7 53. Nf7) 52... Kf7 $2 {Accuracy: White = 55%, Black = 42%.} (52... Nc8 $1 $11 {and Black stays safe.}) 1-0

[Event "IND-ch Senior Open 2019"]
[Site "Mazitar"]
[Date "2019.12.17"]
[Round "9.5"]
[White "Lalith Babu M R"]
[Black "Ravi, Teja S."]
[Result "0-1"]
[WhiteElo "2556"]
[BlackElo "2455"]
[Annotator "TA"]
[PlyCount "108"]
[EventDate "2018.12.08"]
[EventType "swiss"]
[EventCountry "IND"]
[SourceTitle "playchess.com"]
[Source "ChessBase"]
[SourceQuality "1"]

{[%evp 9,120,-25,-18,-15,20,14,21,37,38,19,49,18,30,15,29,30,26,30,22,17,18,13,7,23,25,0,0,-18,-2,-5,-2,-6,0,-8,0,-4,-5,-10,-11,-7,-7,-7,0,0,11,0,20,0,0,0,4,0,2,6,12,6,11,14,14,7,0,7,0,-58,-67,-65,-83,-86,-85,-90,-91,-104,-87,-98,-85,-129,-129,-139,-85,-85,-85,-85,-66,-79,-74,-75,-77,-75,-72,-75,-82,-162,-126,-127,-129,-202,-202,-202,-202,-202,-202,-360,-204,-543,-534,-585,-569,-747,-747,-740,-720,-627,-522]} 1. d4 d5 2. Nf3 Nf6 3. c4 e6 4. Bg5 Bb4+ 5. Nbd2 dxc4 6. a3 {D30: Queen's Gambit Declined: Systems without Nc3} (6. e4 Bxd2+ 7. Nxd2 Qxd4 8. Qc2 Nc6 9. Bxc4 h6 10. Be3 Qd6 11. Bb5 Bd7 12. O-O-O Nb4 13. Bxd7+ Nxd7 {½-½ (56) Mamedyarov,S (2817)-Harikrishna,P (2729) Kolkata 2018}) 6... Be7 (6... Bxd2+ $5 7. Bxd2 Qd5 $11) 7. Nxc4 O-O 8. Qc2 $146 {The position is equal.} ({Predecessor:} 8. e3 Nbd7 9. Rc1 c5 10. Be2 b6 11. O-O Bb7 12. Bf4 cxd4 13. Nxd4 Rc8 {1-0 (50) Hebden,M (2520)-Braga,F (2435) Benidorm 1993}) 8... h6 9. Bh4 Nbd7 10. e3 c5 11. dxc5 Nxc5 12. Rd1 Nd5 13. Bxe7 Qxe7 14. b4 Nd7 15. e4 N5b6 16. Nd6 Nd5 17. Nb5 ({Reject} 17. exd5 exd5+ 18. Be2 Qxd6 $17) 17... a6 18. Nbd4 Nf4 19. g3 Ng6 20. Be2 a5 21. Rb1 axb4 22. axb4 Nf6 23. O-O Bd7 24. e5 Nd5 25. Qd2 Ra4 26. b5 Rfa8 27. Rfc1 Qd8 28. Bd3 Nge7 29. Nb3 {[%cal Bd4b3,Bb3c5,Bc5e4][%mdl 32]} Ra2 30. Qe1 Be8 $36 {[%mdl 2048] Black has the initiative.} 31. Qe4 Ng6 32. Nc5 Qb6 33. Qd4 Nge7 34. Ne4 Qxd4 35. Nxd4 R2a4 36. Nb3 {[#]} (36. Ne2 $11) 36... Bxb5 $1 $15 {[%mdl 512]} 37. Bxb5 Rxe4 38. Nc5 Rxe5 39. Bd3 Nf6 40. Nxb7 Rb8 41. Rc7 Rd5 42. Rxe7 {[#] And now Bb5 would win.} Rxd3 43. Rc1 Rd7 (43... Rd2 $142 {...Ne4 is the strong threat.} 44. Rec7 Ng4) 44. Rxd7 $17 Nxd7 {[%mdl 4096] Endgame KRN-KRN} 45. Rc7 Ne5 46. h4 Ra8 47. h5 Ra7 48. Rc8+ Kh7 49. Nc5 Ng4 50. Ne4 (50. Rb8 $17 {was called for.}) 50... f5 51. Nd6 Nf6 52. Rf8 (52. Nb5 $17 {was necessary.} Re7 53. Nd4) 52... Nxh5 $19 53. Re8 Nf6 54. Rxe6 Ra1+ {Played: Ra7-a6} 0-1

[Event "IND-ch Senior Open 2019"]
[Site "Mazitar"]
[Date "2019.12.17"]
[Round "9.5"]
[White "Lalith Babu M R"]
[Black "Ravi, Teja S."]
[Result "*"]
[WhiteElo "2556"]
[BlackElo "2455"]
[Annotator "TA"]
[PlyCount "32"]
[EventDate "2018.12.08"]
[EventType "swiss"]
[EventCountry "IND"]
[SourceTitle "playchess.com"]
[Source "ChessBase"]
[SourceQuality "1"]

{[%evp 9,32,-18,-9,-19,29,12,47,20,25,23,33,24,19,16,21,8,14,-28,793,-174,386,27,433,-2,505]} 1. d4 d5 2. Nf3 Nf6 3. c4 e6 4. Bg5 Bb4+ 5. Nbd2 dxc4 6. a3 {D30: Queen's Gambit Declined: Systems without Nc3} (6. e4 Bxd2+ 7. Nxd2 Qxd4 8. Qc2 Nc6 9. Bxc4 h6 10. Be3 Qd6 11. Bb5 Bd7 12. O-O-O Nb4 13. Bxd7+ Nxd7 {½-½ (56) Mamedyarov,S (2817)-Harikrishna,P (2729) Kolkata 2018}) 6... Be7 (6... Bxd2+ $5 7. Bxd2 Qd5 $11) 7. Nxc4 O-O 8. Qc2 $146 {White is slightly better.} ({Predecessor:} 8. e3 Nbd7 9. Rc1 c5 10. Be2 b6 11. O-O Bb7 12. Bf4 cxd4 13. Nxd4 Rc8 {1-0 (50) Hebden,M (2520)-Braga,F (2435) Benidorm 1993}) 8... h6 9. Bh4 Nbd7 10. e3 c5 11. dxc5 Nxc5 12. Rd1 Nd5 13. e4 {And now Bxe7 would win.} Nf4 $2 {[%mdl 8192]} (13... Bxh4 $11 14. exd5 exd5) 14. Nd6 $4 {[%mdl 8192] [#]} (14. Rxd8 $18 {was the only winning move.} Bxd8 15. Bxd8 Rxd8 16. Nce5) 14... a6 $4 {[%mdl 8192]} (14... Ncd3+ $1 $19 {[%mdl 512]} 15. Rxd3 Nxd3+ 16. Bxd3 Qxd6) 15. g3 $2 ({Resist} 15. Qxc5 Bxh4 16. g3 b6 $18) (15. Bxe7 $18 Ncd3+ 16. Bxd3 Qxe7 17. e5) 15... Ng6 $2 {[%mdl 8192]} (15... Ncd3+ $11 16. Bxd3 Ng2+ {[%mdl 64] Double Attack} 17. Ke2 Nxh4) 16. Be2 $2 ({Don't take} 16. Qxc5 Nxh4 17. gxh4 b6 $18) (16. Bxe7 $18 Qxe7 17. Qxc5) 16... a5 $2 {[%mdl 8192] Accuracy: White = 20%, Black = 19%.} (16... Nxh4 $11 17. Qxc5 Nxf3+ 18. Bxf3 Bd7) *

[Event "IND-ch Senior Open 2019"]
[Site "Mazitar"]
[Date "2019.12.18"]
[Round "10.1"]
[White "Aravindh, Chithambaram VR."]
[Black "Chanda, Sandipan"]
[Result "1-0"]
[WhiteElo "2605"]
[BlackElo "2545"]
[Annotator "TA"]
[PlyCount "49"]
[EventDate "2018.12.08"]
[EventType "swiss"]
[EventCountry "IND"]
[SourceTitle "playchess.com"]
[Source "ChessBase"]
[SourceQuality "1"]

{[%evp 9,49,0,5,0,0,0,0,0,0,0,0,0,0,0,43,5,23,0,18,2,6,-35,15,8,43,48,80,31,152,164,303,287,306,177,565,542,533,339,529,485,516,508]} 1. e4 c5 2. Nc3 d6 3. d4 cxd4 4. Qxd4 Nc6 5. Qd2 Nf6 6. b3 {B23: Closed Sicilian: Lines without g3} e6 ({Predecessor:} 6... a6 7. Bb2 b5 8. f3 e6 {0-1 (68) Asensio Linan,T (2168)-Perez Pastora,E (2022) Barcelona 2019}) 7. Bb2 a6 $146 (7... d5 8. exd5 exd5 9. O-O-O Be6 10. a3 Bc5 11. Nf3 {½-½ (49) Caruana,F (2819)-Vachier Lagrave,M (2773) Karlsruhe/Baden Baden 2019}) 8. O-O-O {The position is equal.} b5 9. f3 Be7 10. Kb1 O-O 11. g4 b4 12. Na4 $1 Nd7 13. h4 (13. f4 {looks sharper.} Nc5 14. Nxc5 dxc5 15. Nf3 Bb7 16. Bd3) 13... Nc5 14. g5 $40 {[%mdl 128] White mounts an attack.} Nxa4 15. bxa4 e5 16. Ne2 Na5 17. Ng3 (17. Qxb4 Be6 $15) 17... Qc7 18. f4 Bd7 ({Black should play} 18... Bb7 $14) 19. Nf5 $16 Bxf5 (19... Be6 {might work better.} 20. Nxe7+ (20. Nxd6 Bg4 $11) 20... Qxe7) 20. exf5 $18 Rfc8 21. f6 gxf6 $2 {[#]} (21... Bf8 22. fxe5 dxe5) 22. gxf6 Bxf6 23. Rg1+ Kh8 (23... Kf8 $142 24. Bd3 (24. Qxd6+ Qxd6 25. Rxd6 Bxh4 $18) 24... Rab8 25. Bxa6 Rd8) 24. Bd3 {fxe5 is the strong threat.} Nc4 {[#]} 25. Qe2 $1 {Accuracy: White = 81%, Black = 31%.} 1-0

[Event "IND-ch Senior Open 2019"]
[Site "Mazitar"]
[Date "2019.12.18"]
[Round "10.2"]
[White "Vaibhav, Suri"]
[Black "Shyaamnikhil P"]
[Result "1/2-1/2"]
[WhiteElo "2597"]
[BlackElo "2455"]
[Annotator "ChessBase"]
[PlyCount "201"]
[EventDate "2018.12.08"]
[EventType "swiss"]
[EventCountry "IND"]
[SourceTitle "playchess.com"]
[Source "ChessBase"]
[SourceQuality "1"]
[TimeControl "40/5400+30:1800+30"]

1. e4 {[%emt 0:00:00]} c5 {[%emt 0:00:34]} 2. Nf3 {[%emt 0:00:00]} e6 {[%emt 0:00:07]} 3. d4 {[%emt 0:00:02]} cxd4 {[%emt 0:00:04]} 4. Nxd4 {[%emt 0:00:05]} a6 {[%emt 0:00:06]} 5. c4 {[%emt 0:00:25]} Nf6 {[%emt 0:02:07]} 6. Nc3 {[%emt 0:00:05]} Qc7 {[%emt 0:01:24]} 7. a3 {[%emt 0:00:11]} b6 {[%emt 0:01:43]} 8. Be2 {[%emt 0:00:17]} Bb7 {[%emt 0:00:30]} 9. f3 {[%emt 0:00:05]} Be7 {[%emt 0:12:29]} 10. Be3 {[%emt 0:01:21]} d6 {[%emt 0:04:15]} 11. O-O {[%emt 0:00:07]} Nbd7 {[%emt 0:00:13]} 12. Qe1 {[%emt 0:00:06]} Rc8 {[%emt 0:01:40]} 13. Rc1 {[%emt 0:09:20]} Qb8 {[%emt 0:00:56]} 14. b4 {[%emt 0:01:35]} Bd8 {[%emt 0:03:10]} 15. Qf2 {[%emt 0:05:55]} Bc7 {[%emt 0:03:03]} 16. g4 {[%emt 0:06:44]} h6 {[%emt 0:09:45]} 17. h4 {[%emt 0:02:05]} g5 {[%emt 0:02:08]} 18. Kg2 {[%emt 0:13:10]} Rg8 {[%emt 0:04:23]} 19. hxg5 {[%emt 0:13:28]} hxg5 {[%emt 0:00:43]} 20. Rh1 {[%emt 0:00:46]} Bd8 {[%emt 0:02:25]} 21. Kg1 {[%emt 0:04:36]} Ne5 {[%emt 0:02:47]} 22. Na4 {[%emt 0:04:36]} Nfd7 {[%emt 0:04:20]} 23. Rh6 {[%emt 0:02:33]} Ng6 {[%emt 0:01:27]} 24. b5 {[%emt 0:11:48]} Nc5 {[%emt 0:09:40]} 25. Nc3 {[%emt 0:03:35]} a5 {[%emt 0:03:40]} 26. Nc6 {[%emt 0:02:59]} Bxc6 {[%emt 0:02:45]} 27. bxc6 {[%emt 0:00:01]} Rxc6 {[%emt 0:03:34]} 28. Rd1 {[%emt 0:01:30]} Bf6 {[%emt 0:02:34]} 29. Nb5 {[%emt 0:00:03]} Ke7 {[%emt 0:02:44]} 30. Qh2 {[%emt 0:07:46]} Rh8 {[%emt 0:07:04]} 31. Nd4 {[%emt 0:01:58]} Bxd4 {[%emt 0:04:05]} 32. Rxd4 {[%emt 0:00:05]} e5 {[%emt 0:01:17]} 33. Bxg5+ {[%emt 0:02:53]} Kd7 {[%emt 0:02:46]} 34. Rd1 {[%emt 0:01:57]} Rxh6 {[%emt 0:00:32]} 35. Bxh6 {[%emt 0:00:58]} Qh8 {[%emt 0:00:49]} 36. Be3 {[%emt 0:02:17]} Qxh2+ {[%emt 0:00:46]} 37. Kxh2 {[%emt 0:00:01]} Nf4 {[%emt 0:02:01]} 38. Bf1 {[%emt 0:00:46]} Ke7 {[%emt 0:02:39]} 39. Kg3 {[%emt 0:00:27]} Ng6 {[%emt 0:00:44]} 40. g5 {[%emt 0:00:00]} Ne6 {[%emt 0:00:00]} 41. Kg4 {[%emt 0:07:42]} Nc5 {[%emt 0:03:00]} 42. Rb1 {[%emt 0:04:18]} Nd7 {[%emt 0:01:08]} 43. Rb2 {[%emt 0:02:44]} Ngf8 {[%emt 0:00:28]} 44. Rb1 {[%emt 0:04:52]} Ne6 {[%emt 0:00:32]} 45. Be2 {[%emt 0:00:53]} Nef8 {[%emt 0:04:40]} 46. Kf5 {[%emt 0:02:48]} Ng6 {[%emt 0:02:30]} 47. Rh1 {[%emt 0:02:11]} Kf8 {[%emt 0:01:59]} 48. Rh2 {[%emt 0:01:04]} Ne7+ {[%emt 0:00:19]} 49. Kg4 {[%emt 0:00:01]} Ng6 {[%emt 0:00:08]} 50. Bf1 {[%emt 0:00:14]} Nc5 {[%emt 0:02:46]} 51. Kg3 {[%emt 0:00:49]} Ke7 {[%emt 0:01:54]} 52. Rb2 {[%emt 0:01:08]} Nd7 {[%emt 0:00:28]} 53. Rc2 {[%emt 0:00:44]} Nc5 {[%emt 0:00:44]} 54. Rc1 {[%emt 0:03:18]} Nf8 {[%emt 0:00:39]} 55. Bh3 {[%emt 0:01:09]} Na4 {[%emt 0:02:03]} 56. Rb1 {[%emt 0:01:54]} Ne6 {[%emt 0:01:23]} 57. Bf1 {[%emt 0:00:39]} Rc8 {[%emt 0:02:18]} 58. Kg4 {[%emt 0:01:15]} Rg8 {[%emt 0:01:26]} 59. Kf5 {[%emt 0:02:23]} Ng7+ {[%emt 0:00:14]} 60. Kg4 {[%emt 0:00:01]} Ne6 {[%emt 0:00:07]} 61. Kf5 {[%emt 0:02:30]} Rh8 {[%emt 0:01:12]} 62. c5 {[%emt 0:00:40]} Naxc5 {[%emt 0:02:12]} 63. Rxb6 {[%emt 0:00:52]} Rh4 {[%emt 0:02:03]} 64. g6 {[%emt 0:00:01]} Nd4+ {[%emt 0:07:16]} 65. Bxd4 {[%emt 0:00:45]} Rf4+ {[%emt 0:00:05]} 66. Kg5 {[%emt 0:00:00]} Ne6+ {[%emt 0:00:08]} 67. Kh5 {[%emt 0:00:01]} fxg6+ {[%emt 0:01:01]} 68. Kxg6 {[%emt 0:00:01]} Rf6+ {[%emt 0:00:10]} 69. Kh5 {[%emt 0:01:04]} Nxd4 {[%emt 0:00:11]} 70. Rb7+ {[%emt 0:00:07]} Kd8 {[%emt 0:00:08]} 71. Bh3 {[%emt 0:00:50]} Rxf3 {[%emt 0:01:27]} 72. Bg4 {[%emt 0:00:07]} Rxa3 {[%emt 0:01:47]} 73. Rd7+ {[%emt 0:00:02]} Ke8 {[%emt 0:00:09]} 74. Rxd6 {[%emt 0:00:03]} Re3 {[%emt 0:00:10]} 75. Bf5 {[%emt 0:02:05]} Nxf5 {[%emt 0:00:16]} 76. exf5 {[%emt 0:00:01]} Kf7 {[%emt 0:00:12]} 77. Ra6 {[%emt 0:00:53]} Ra3 {[%emt 0:00:56]} 78. Re6 {[%emt 0:00:40]} Re3 {[%emt 0:01:32]} 79. Ra6 {[%emt 0:00:01]} Ra3 {[%emt 0:00:06]} 80. Re6 {[%emt 0:00:05]} Ra1 {[%emt 0:00:55]} 81. Kg5 {[%emt 0:02:00]} Rg1+ {[%emt 0:00:51]} 82. Kh4 {[%emt 0:00:17]} Re1 {[%emt 0:00:40]} 83. Ra6 {[%emt 0:00:12]} Ra1 {[%emt 0:00:25]} 84. Kg5 {[%emt 0:00:32]} Rg1+ {[%emt 0:00:09]} 85. Kh4 {[%emt 0:00:04]} a4 {[%emt 0:00:24]} 86. Rxa4 {[%emt 0:00:58]} Kf6 {[%emt 0:00:06]} 87. Rg4 {[%emt 0:00:20]} Rf1 {[%emt 0:01:00]} 88. Kg3 {[%emt 0:00:37]} Kxf5 {[%emt 0:00:13]} 89. Ra4 {[%emt 0:00:19]} e4 {[%emt 0:00:42]} 90. Ra5+ {[%emt 0:00:34]} Ke6 {[%emt 0:00:06]} 91. Ra6+ {[%emt 0:00:16]} Kd5 {[%emt 0:00:19]} 92. Ra5+ {[%emt 0:00:05]} Kc4 {[%emt 0:00:47]} 93. Ra4+ {[%emt 0:00:04]} Kd3 {[%emt 0:00:06]} 94. Ra3+ {[%emt 0:00:02]} Kd2 {[%emt 0:00:12]} 95. Ra2+ {[%emt 0:00:04]} Kc3 {[%emt 0:00:08]} 96. Ra3+ {[%emt 0:00:03]} Kd2 {[%emt 0:00:26]} 97. Ra2+ {[%emt 0:00:04]} Kc3 {[%emt 0:00:04]} 98. Ra3+ {[%emt 0:00:02]} Kb2 {[%emt 0:00:13]} 99. Re3 {[%emt 0:00:06]} Rf3+ {[%emt 0:00:03]} 100. Rxf3 {[%emt 0:00:04]} exf3 {[%emt 0:00:03]} 101. Kxf3 {[%emt 0:00:04]} 1/2-1/2

[Event "IND-ch Senior Open 2019"]
[Site "Mazitar"]
[Date "2019.12.18"]
[Round "10.3"]
[White "Akash G"]
[Black "Anurag, Mhamal"]
[Result "1-0"]
[WhiteElo "2431"]
[BlackElo "2490"]
[Annotator "ChessBase"]
[PlyCount "83"]
[EventDate "2018.12.08"]
[EventType "swiss"]
[EventCountry "IND"]
[SourceTitle "playchess.com"]
[Source "ChessBase"]
[SourceQuality "1"]
[TimeControl "40/5400+30:1800+30"]

1. e4 {[%emt 0:00:00]} e5 {[%emt 0:00:14]} 2. Nf3 {[%emt 0:00:44]} Nc6 {[%emt 0:00:19]} 3. Bb5 {[%emt 0:00:07]} Nf6 {[%emt 0:00:47]} 4. O-O {[%emt 0:01:56]} Nxe4 {[%emt 0:00:27]} 5. Re1 {[%emt 0:01:15]} Nd6 {[%emt 0:00:03]} 6. Nxe5 {[%emt 0:02:28]} Be7 {[%emt 0:00:10]} 7. Bf1 {[%emt 0:03:04]} Nxe5 {[%emt 0:00:05]} 8. Rxe5 {[%emt 0:00:09]} O-O {[%emt 0:00:04]} 9. d4 {[%emt 0:02:28]} Bf6 {[%emt 0:00:04]} 10. Bd3 {[%emt 0:06:04]} Bxe5 {[%emt 0:34:04]} 11. dxe5 {[%emt 0:00:18]} Ne8 {[%emt 0:00:10]} 12. Qh5 {[%emt 0:09:07]} g6 {[%emt 0:00:10]} 13. Qh6 {[%emt 0:00:32]} Qe7 {[%emt 0:07:06]} 14. Nc3 d5 {[%emt 0:36:38]} 15. exd6 {[%emt 0:22:43]} Nxd6 {[%emt 0:08:40]} 16. Nd5 {[%emt 0:21:59]} Qe1+ {[%emt 0:02:08]} 17. Bf1 {[%emt 0:00:06]} Qe5 {[%emt 0:00:14]} 18. Nxc7 {[%emt 0:02:31]} Nf5 {[%emt 0:00:09]} 19. Qf4 {[%emt 0:00:56]} Qxf4 {[%emt 0:00:02]} 20. Bxf4 {[%emt 0:00:07]} Rb8 21. g4 {[%emt 0:10:14]} g5 {[%emt 0:04:13]} 22. Bxg5 {[%emt 0:01:17]} Nd4 {[%emt 0:00:51]} 23. Bf6 {[%emt 0:02:58]} Nf3+ {[%emt 0:02:50]} 24. Kg2 {[%emt 0:01:40]} Nd2 {[%emt 0:00:51]} 25. Bd3 {[%emt 0:05:18]} Bd7 {[%emt 0:01:31]} 26. Re1 {[%emt 0:02:01]} Bc6+ {[%emt 0:00:16]} 27. Kg3 {[%emt 0:00:19]} Rfc8 {[%emt 0:00:51]} 28. Re7 {[%emt 0:02:21]} b5 {[%emt 0:00:19]} 29. Na6 {[%emt 0:01:02]} Rb6 {[%emt 0:00:42]} 30. Nb4 {[%emt 0:00:29]} Be4 {[%emt 0:00:29]} 31. Bc3 {[%emt 0:00:32]} Bxd3 {[%emt 0:00:31]} 32. cxd3 {[%emt 0:00:21]} Nb1 {[%emt 0:00:26]} 33. Bd4 {[%emt 0:00:43]} Rg6 {[%emt 0:00:34]} 34. Rxa7 {[%emt 0:00:32]} h5 {[%emt 0:00:27]} 35. h3 {[%emt 0:00:04]} hxg4 {[%emt 0:00:05]} 36. h4 {[%emt 0:00:46]} Rd6 {[%emt 0:00:58]} 37. Be3 {[%emt 0:00:27]} f5 {[%emt 0:00:12]} 38. Rb7 {[%emt 0:00:36]} Re6 {[%emt 0:00:48]} 39. Rxb5 {[%emt 0:00:32]} Rf8 {[%emt 0:00:12]} 40. Kf4 {[%emt 0:00:00]} Rh6 {[%emt 0:00:00]} 41. Rxf5 {[%emt 0:07:38]} Rb8 {[%emt 0:01:35]} 42. a3 {[%emt 0:01:44]} 1-0

[Event "IND-ch Senior Open 2019"]
[Site "Mazitar"]
[Date "2019.12.18"]
[Round "10.4"]
[White "Ravi, Teja S."]
[Black "Konguvel, Ponnuswamy"]
[Result "*"]
[WhiteElo "2455"]
[BlackElo "2367"]
[Annotator "TA"]
[PlyCount "33"]
[EventDate "2018.12.08"]
[EventType "swiss"]
[EventCountry "IND"]
[SourceTitle "playchess.com"]
[Source "ChessBase"]
[SourceQuality "1"]

{[%evp 22,33,32,29,264,-211,-145,-145,-148,-838,-90,-90,-87,-80]} 1. d4 Nf6 2. c4 g6 3. Nc3 Bg7 4. g3 O-O 5. Bg2 d6 6. Nf3 Nbd7 7. O-O e5 8. e4 exd4 9. Nxd4 Re8 10. h3 Nc5 11. Re1 Bd7 12. Bf4 Nfxe4 $146 {[#] E68: King's Indian: Fianchetto: 6...Nbd7 7 0-0 e5 8 e4} (12... h6 $11 {and Black has nothing to worry.}) ({Predecessor:} 12... h6 13. Nb3 Na4 14. Bd2 Nxb2 15. Qe2 Na4 16. Rab1 Nxc3 17. Bxc3 Rb8 18. c5 dxc5 19. Nxc5 Bc6 20. Qb2 b6 {1-0 (50) Yu,Y (2750)-Ganguly,S (2665) Ashkhabad 2017}) 13. Qc2 $4 {[%mdl 8192]} ({Resist} 13. Bxe4 $6 Bxh3 14. Qd2 Nxe4 $16) ({Less strong is} 13. Rxe4 Nxe4 14. Bxe4 (14. Nxe4 Bxh3 15. Bg5 Qd7 $16) 14... g5 $16) (13. Nxe4 $18 {is the narrow road to win.} Bxh3 14. Bxh3 Rxe4 15. Be3) 13... Bxd4 14. Nxe4 Nxe4 15. Rad1 $2 {[%mdl 8192]} (15. Rxe4 $17 Rxe4 16. Qxe4 Bxb2 17. Rb1) 15... Ng5 $2 (15... Bxf2+ $19 16. Kh2 Bxe1 17. Rxe1 f5 18. Bxe4 fxe4) 16. Rxe8+ $17 Qxe8 17. Bxg5 *

[Event "IND-ch Senior Open 2019"]
[Site "Mazitar"]
[Date "2019.12.18"]
[Round "10.4"]
[White "Ravi, Teja S."]
[Black "Konguvel, Ponnuswamy"]
[Result "1/2-1/2"]
[WhiteElo "2455"]
[BlackElo "2367"]
[Annotator "ChessBase"]
[PlyCount "64"]
[EventDate "2018.12.08"]
[EventType "swiss"]
[EventCountry "IND"]
[SourceTitle "playchess.com"]
[Source "ChessBase"]
[SourceQuality "1"]
[TimeControl "40/5400+30:1800+30"]

1. d4 {[%emt 0:00:00]} Nf6 {[%emt 0:00:00]} 2. c4 {[%emt 0:00:17]} g6 {[%emt 0:00:00]} 3. Nc3 {[%emt 0:00:13]} Bg7 {[%emt 0:00:34]} 4. g3 {[%emt 0:00:19]} O-O {[%emt 0:02:28]} 5. Bg2 {[%emt 0:00:04]} d6 {[%emt 0:03:28]} 6. Nf3 {[%emt 0:00:13]} Nbd7 {[%emt 0:00:04]} 7. O-O {[%emt 0:00:06]} e5 {[%emt 0:00:03]} 8. e4 {[%emt 0:00:08]} exd4 {[%emt 0:02:36]} 9. Nxd4 {[%emt 0:00:06]} Re8 {[%emt 0:00:08]} 10. h3 {[%emt 0:01:21]} Nc5 {[%emt 0:00:14]} 11. Re1 {[%emt 0:00:09]} Bd7 {[%emt 0:00:18]} 12. Bf4 {[%emt 0:03:51]} h6 {[%emt 0:00:45]} 13. Qc2 {[%emt 0:03:50]} Nfxe4 {[%emt 0:06:54]} 14. Nxe4 {[%emt 0:00:30]} Bxd4 {[%emt 0:00:19]} 15. Rad1 {[%emt 0:02:52]} Nxe4 {[%emt 0:15:15]} 16. Rxd4 {[%emt 0:02:12]} Ng5 {[%emt 0:03:21]} 17. Rxe8+ {[%emt 0:03:07]} Qxe8 {[%emt 0:02:46]} 18. Bxg5 {[%emt 0:02:24]} hxg5 {[%emt 0:00:30]} 19. Bxb7 {[%emt 0:00:30]} Qe1+ {[%emt 0:19:55]} 20. Kh2 {[%emt 0:15:14]} Re8 {[%emt 0:00:26]} 21. Re4 {[%emt 0:00:06]} Rxe4 {[%emt 0:02:16]} 22. Bxe4 {[%emt 0:00:30]} Be6 {[%emt 0:10:59]} 23. b3 {[%emt 0:03:39]} Kf8 {[%emt 0:04:04]} 24. Kg2 {[%emt 0:04:58]} Qa1 {[%emt 0:08:05]} 25. Bf3 {[%emt 0:03:45]} Qh8 {[%emt 0:00:56]} 26. g4 {[%emt 0:00:09]} Qe5 {[%emt 0:00:43]} 27. Qe4 Qxe4 {[%emt 0:00:08]} 28. Bxe4 {[%emt 0:00:36]} Ke7 {[%emt 0:00:27]} 29. Kg3 {[%emt 0:02:29]} Kf6 {[%emt 0:00:12]} 30. Kf3 {[%emt 0:00:06]} Ke5 {[%emt 0:02:51]} 31. Ke3 {[%emt 0:01:50]} c5 {[%emt 0:02:00]} 32. Bc6 a5 1/2-1/2

[Event "IND-ch Senior Open 2019"]
[Site "Mazitar"]
[Date "2019.12.18"]
[Round "10.5"]
[White "Mohammad Nubairshah Shaikh"]
[Black "Visakh N R"]
[Result "*"]
[WhiteElo "2421"]
[BlackElo "2516"]
[Annotator "TA"]
[PlyCount "16"]
[EventDate "2018.12.08"]
[EventType "swiss"]
[EventCountry "IND"]
[SourceTitle "playchess.com"]
[Source "ChessBase"]
[SourceQuality "1"]

{[%evp 9,16,-1,128,9,130,0,0,0,-20]} 1. c4 e5 2. Nc3 Nf6 3. Nf3 Nc6 4. e3 Bb4 5. Qc2 e4 (5... O-O $11 {keeps the balance.}) (5... Bxc3 6. Qxc3 Qe7 7. Be2 O-O 8. d4 Ne4 9. Qc2 exd4 10. exd4 Qb4+ 11. Bd2 Nxd2 12. Qxd2 Qxd2+ 13. Kxd2 d6 14. h3 Bd7 15. Rhe1 Rfe8 {½-½ (30) Vitiugov,N (2709)-Kryvoruchko,Y (2698) Germany 2019}) 6. Nd4 {A28: English Opening: Four Knights Variation} (6. Nxe4 $16 O-O 7. Bd3) 6... Ne5 $146 (6... Nxd4 $11 {remains equal.} 7. exd4 c6) ({Predecessor:} 6... Nxd4 7. exd4 O-O 8. a3 Be7 9. d3 d5 10. cxd5 exd3 11. Bxd3 Bd6 12. O-O {½-½ (20) Wohl,A (2441)-Kacheishvili,G (2556) Ubeda 2001}) 7. f4 ({White should play} 7. Nxe4 $16 {Hoping for c5.} O-O 8. Nxf6+ Qxf6 9. a3) 7... exf3 $1 $11 8. Nxf3 Nxf3+ *